| 000 | 01032 a2200313 4500 | ||
|---|---|---|---|
| 999 |
_c21213 _d4029 |
||
| 001 | 21213 | ||
| 003 | TR-AnTOB | ||
| 005 | 20201023092458.0 | ||
| 008 | 130415s1995 tu 000 0 | ||
| 020 | _a9754142742 | ||
| 040 |
_aTR-AnTOB _cTR-AnTOB |
||
| 041 | _atur | ||
| 050 | 0 |
_aJC328.3 _b.H334 1995 |
|
| 090 | _aJC328.3 .H334 1995 | ||
| 100 | 1 |
_aHabermas, Jürgen _911104 |
|
| 245 | 1 | 0 |
_aSivil itaatsizlik : _bdemokratik hukuk devletinin sınanması-Federal Cumhuriyette otoriter yasalcılığa karşı / _cJürgen Habermas ; çev. Hayrettin Ökçesiz. |
| 264 | 1 |
_aİstanbul : _bDemokrasi Kitaplığı, _c1995 |
|
| 300 |
_a63 p. ; _c20 cm. |
||
| 336 |
_2rdacontent _atext _btxt |
||
| 337 |
_2rdamedia _aunmediated _bn |
||
| 338 |
_2rdacarrier _avolume _bnc |
||
| 490 | 0 |
_aAfa Yayınları ; _v315 _aFelsefe Yazıları Anksiklopedi ; _v9 |
|
| 650 | 7 |
_aSivil İtaatsizlik _2etuturkob _914236 |
|
| 650 | 0 |
_aCivil disobedience _914237 |
|
| 700 | 1 |
_aÖkçesiz, Hayrettin _914235 |
|
| 902 | _a0004132 | ||
| 942 |
_cBK _2lcc |
||